Most Populated Countries - Sudden Death - Statistics

General Stats
  • This quiz has been taken 25,597 times
    6,581 since last reset
  • The average score is 16 of 24
Answers on the Grid
Answers color-coded by a green-red scale on the quiz's grid according to % correct below.
Angola
Australia
Bangladesh
Brazil
Canada
China
D. R. Congo
Egypt
Ethiopia
France
Germany
Haiti
India
Indonesia
Iran
Iraq
Japan
Malaysia
Mexico
Nigeria
Pakistan
Peru
Philippines
Poland
Russia
Somalia
South Africa
South Korea
Spain
Sweden
Tanzania
Thailand
Turkey
Uganda
Ukraine
United Kingdom
United States
Uzbekistan
Vietnam
Yemen
 
Answer Stats
Answer % Correct
1422 m China
89%
213 m Brazil
87%
1470 m India
87%
352 m United States
83%
177 m Bangladesh
82%
287 m Indonesia
82%
132 m Mexico
77%
257 m Pakistan
77%
123 m Japan
76%
240 m Nigeria
75%
144 m Russia
75%
115 m D. R. Congo
73%
119 m Egypt
73%
137 m Ethiopia
73%
117 m Philippines
73%
92.8 m Iran
63%
102 m Vietnam
60%
87.8 m Turkey
59%
83.7 m Germany
58%
71.6 m Thailand
49%
69.3 m France
46%
70.3 m United Kingdom
45%
71.6 m Tanzania
41%
65.1 m South Africa
33%
No matching quizzes found
Score Distribution
Percent of People with Each Score
Percentile by Number Answered
Your Score History
You have not taken this quiz since the last reset